000 00446nam a2200181Ia 4500
001 10449
005 20260306161833.0
008 260306t1998||||xx |||||||||||||| ||spa||
041 _aESP
082 _a929.7
_bF54
100 _aFisas, Carlos
_eAUT
245 0 _aHistorias de las reinas de España:
_bla Casa de Austria
260 _c1998
300 _a203 páginas :
_c18 cm.
650 _aGEN
654 _aCHU
942 _cLIB
_dJUS
_fJUS
_2ddc
_n
999 _c10449
_d10449